El ojo lírico/ El ojo crítico. Fotografía española de los 90

Na minha lista:
Detalhes bibliográficos
Autor Corporativo: Instituto de Cooperación Iberoamericana
Outros Autores: Agencia Española de Cooperación Internacional
Formato: Desconhecido
Idioma:inglês
Publicado em: Madrid, España. Instituto De Cooperación Iberoamericana, 1994
Assuntos:
Tags: Adicionar Tag
Sem tags, seja o primeiro a adicionar uma tag!

MARC

LEADER 00000 a2200000 4500
003 CL-VaPUC
005 20210825115136.0
008 210720b1994 ||||| |||| 00| 0 eng d
999 |c 433331  |d 433329 
020 |a 84-7232-690-X 
040 |c Pontificia Universidad Católica de Valparaíso 
082 |a 770.946 INS 1994 
110 1 |a Instituto de Cooperación Iberoamericana  |9 862244 
245 |a El ojo lírico/ El ojo crítico.   |b Fotografía española de los 90 
260 |a Madrid, España.  |b Instituto De Cooperación Iberoamericana,   |c 1994 
300 |a 86 páginas;   |b fotografías a color, blanco y negro. 
583 |k Cristina Rojas  |c 20210720 
650 |a Fotografía española  |y Siglo 20  |9 862284 
700 |a Agencia Española de Cooperación Internacional  |9 862245 
942 |2 ddc  |c BK 
952 |0 0  |1 0  |2 ddc  |4 0  |6 770_946000000000000_INS_1994  |7 0  |8 R  |9 578428  |a BIBART  |b BIBART  |d 2021-07-15  |e 139  |g 0.00  |i 5586410  |o 770.946 INS 1994  |p 5586410  |r 2025-03-13  |t 1  |v 0.00  |w 2021-07-15  |y BK_R  |k ART